| 000 | 00619nam a2200193 a 4500 | ||
|---|---|---|---|
| 003 | PILC | ||
| 005 | 20150112093442.0 | ||
| 008 | 100713s19uu xx 00 eng d | ||
| 020 | _a9814024643 | ||
| 050 |
_aJA 71 _b.J12 2001 |
||
| 082 |
_aPSSF 320.19 _bJ13 1997 |
||
| 100 |
_aJackson, Robert J _920232 |
||
| 245 |
_aA comparative introduction to political science / _cRobert R. Jackson and Doreen Jackson |
||
| 260 |
_aNew Jersey : _bPrentice-Hall,Inc, _c2001. |
||
| 300 |
_a474 pages : _c22 cm. |
||
| 650 |
_aPolitical Science _xComparative government _920233 |
||
| 700 |
_aJackson, Doreen _920234 |
||
| 942 |
_2lcc _cBK |
||
| 999 |
_c14790 _d14790 |
||